000 005520000a22001810004500
003 MACL
005 20160330113304.0
008 160330b xxu||||| |||| 00| 0 eng d
040 _aMACL
_cMACL
041 _aHindi
082 _a080
100 _aअग्रवाल गोपाल
_948822
245 _aविचारें का मंथन
260 _aनई दिल्‍ली
_bखुराना एण्‍ड संस
_c2010
350 _a225
650 _aसामान्‍य वर्ग
_936
942 _cHIN
_k080
_2ddc
999 _c46780
_d46780